Statistiques concernant Massive Pictures Quiz #5 (compositeurs de musique classique)

Cliquez ici pour prendre le quiz!

Statistiques générales

  • Ce quiz a été pris 149 fois
    (139 depuis la dernière actualisation)
  • Le résultat moyen est 15 sur 49

Statistiques - réponses

Réponse% Correct
Wolfgang Amadeus Mozart
98%
Ludwig Van Beethoven
90%
Jean Sébastien Bach
83%
Antonio Vivaldi
76%
Claude Debussy
63%
Frederik Chopin
58%
Franz Schubert
52%
Richard Wagner
50%
Franz Liszt
46%
Johannes Brahms
45%
Maurice Ravel
45%
Niccolò Paganini
44%
Igor Stravinsky
42%
Gioachino Rossini
39%
George bizet
37%
Erik Satie
36%
Serguei Prokofiev
35%
Giuseppe Verdi
34%
Robert Schumann
34%
Claudio Monteverdi
31%
Gustav Mahler
31%
Hector Berlioz
30%
Jacques Offenbach
30%
Edvard Grieg
29%
Camille Saint Saëns
28%
Felix Mendelssohn
27%
Jean Baptiste Lully
27%
Jean Philippe Rameau
27%
Antonin Dvorak
22%
Jean Sibelius
18%
Gabriel Fauré
17%
Giacomo Puccini
16%
Pierre Boulez
15%
Henry Purcell
13%
Richard Strauss
13%
Gustav Holst
12%
György Ligeti
12%
Olivier Messiaen
10%
Nikolaï Rimski-Korsakov
9%
Aaron Copland
8%
Anton Webern
8%
Joseph Haydn
8%
Iannis Xenakis
7%
Karlheinz Stockhausen
6%
François Couperin
5%
Steve Reich
5%
Arnold Schönberg
0%
Georg Friedrich Haendel
0%
Roland de Lassus
0%

Distribution des résultats

Percentile par nombre de réponses

% des personnes avec chaque résultat

Votre développement - résultats

Vous n’avez pas pris ce quiz depuis la dernière actualisation